000 nam a22 7a 4500
999 _c332614
_d332614
003 BLK
005 20191202134651.0
008 190710b bu ||||| |||| 00| 0 bu d
020 _a9789543206254
040 _aBLK
041 _aBUL
_cBUL
080 _aБългарска литература(изследвания)
_b821.163.2.09
_z821.163.2.09
100 _9241942
_aКунчев, Божидар Богомилов
_eсъстав.
139 _aЧудото на задните дворове
_bД 14
245 _aЧудото на задните дворове
_bКнига за Атанас Далчев
_cсътав. Божидар Кунчев
260 _9209565
_aСофия
_bРива
_c2018
650 7 _9152763
_aДалчев, Атанас Христов
653 7 _9189980
_aлитературни анализи
653 7 _9189974
_aлитературна критика
653 7 _9182707
_aбългарски поети
852 _bП
_cП 886.7(09)/Д 14
942 _n0
_cKNG
_07
_s1
999 _d332614